| Tag |
First Indicator |
Second Indicator |
Subfields |
| LEADER |
00000cam a2200000 a 4500 |
| 001 |
in00001058021 |
| 005 |
20150929083429.0 |
| 008 |
900323s1991 nyua b 001 0 eng |
| 010 |
|
|
|a 90035291
|
| 020 |
|
|
|a 0820411949
|
| 035 |
|
|
|a (OCoLC)21375771
|
| 035 |
|
|
|9 AFK1284AM
|
| 040 |
|
|
|a DLC
|c DLC
|d TXA
|d UtOrBLW
|
| 043 |
|
|
|a a-pp---
|
| 049 |
|
|
|a TXAM
|
| 050 |
0 |
0 |
|a DU740.42
|b .M34 1990
|
| 082 |
0 |
0 |
|a 398.2/0899912
|2 20
|
| 090 |
|
|
|a DU740.42
|b .M34 1991
|
| 100 |
1 |
|
|a MacDonald, Mary N.,
|d 1946-
|
| 245 |
1 |
0 |
|a Mararoko :
|b a study in Melanesian religion /
|c Mary N. MacDonald.
|
| 264 |
|
1 |
|a New York :
|b P. Lang,
|c [1991]
|
| 264 |
|
4 |
|c ©1991
|
| 300 |
|
|
|a xv, 591 pages :
|b illustrations ;
|c 24 cm.
|
| 336 |
|
|
|a text
|b txt
|2 rdacontent
|
| 337 |
|
|
|a unmediated
|b n
|2 rdamedia
|
| 338 |
|
|
|a volume
|b nc
|2 rdacarrier
|
| 490 |
1 |
|
|a American university studies. Series XI, Anthropology and sociology ;
|v vol. 45
|
| 504 |
|
|
|a Includes bibliographical references (pages [547]-578) and index.
|
| 650 |
|
0 |
|a Kewa (Papua New Guinean people)
|
| 650 |
|
0 |
|a Kewa (Papua New Guinean people)
|x Religion.
|
| 650 |
|
0 |
|a Kewa (Papua New Guinean people)
|x Folklore.
|
| 650 |
|
0 |
|a Tales
|z Papua New Guinea.
|
| 650 |
|
0 |
|a Storytelling
|z Papua New Guinea.
|
| 830 |
|
0 |
|a American university studies.
|n Series XI,
|p Anthropology/sociology ;
|v vol. 45.
|
| 999 |
|
|
|a MARS
|
| 999 |
f |
f |
|s 9611f4a4-ae7e-3a73-a865-5852a903dd89
|i 691bd219-eb61-35b3-bc4a-134bbaca9112
|t 0
|
| 952 |
f |
f |
|p ric
|a Texas A&M University
|b Rellis Campus
|c Joint Library Facility
|d Remote Storage
|t 0
|e DU740.42 .M34 1991
|h Library of Congress classification
|i unmediated -- volume
|m A14815648006
|
| 998 |
f |
f |
|a DU740.42 .M34 1991
|t 0
|l Remote Storage
|